00739nam a22001937a 450000500170000001000150001702000270003203500150005903700090007408200150008310000320009824500750013026000440020527000850024930000260033494200290036099900190038995201370040820240703152917.0 aENG-140737 c1880.00a9788196762131 aEN- 124269 bDBAD a358.400954 aSingh, Swaim Prakash968058 aIndian Air Force And Integration Of Armed Forces/cSwaim Prakash Singh aNew DelhibKW Publishers Pvt Ltd c2024 bNew Delhia4676/21,First Floor, Ansari Road Daryaganj e110002k91 11 43528107 axxxv, 307p.c24cm(hp) 2ddccENh358.400954mSWA c203908d203908 001040708NFICaNPLbNPLd2024-07-03eDBADg1880.00l0o358.400954 SWApEN-124269r2024-07-03 00:00:00t1v1880.00w2024-07-03yEN